Statistics for Countries and territories of Polynesia

Click here to take the quiz!

General Stats

  • This quiz has been taken 247 times
  • The average score is 9 of 13

Answer Stats

Political StatusAnswer% Correct
US StateHawai'i
92%
IndependentSamoa
88%
IndependentTonga
85%
Collectivity of FranceFrench Polynesia
84%
IndependentTuvalu
79%
Part of ChileRapa Nui/Easter Island
78%
Territory of the USAmerican Samoa
71%
Self-governing territory of NZCook Islands
67%
Self-governing territory of NZNiue
60%
IndependentNew Zealand/Aotearoa
59%
UK overseas territoryPitcairn Islands
50%
Dependency of NZTokelau
46%
Collectivity of FranceWallis and Futuna
39%

Score Distribution

Percentile by Number Answered

Percent of People with Each Score

Your Score History

You have not taken this quiz